000 00411nam a2200181Ia 4500
005 20240823032042.0
008 240823s9999||||xx |||||||||||||| ||und||
041 _aENGLISH
082 _A894.8111 Q2
100 _aBharathithasan
245 0 _aBarathithasan Kavithaikal
250 _a1st
260 _c2012
_bLea Boo
500 _aYES
650 _aBarathitasan
_bGeneral
942 _cBK
999 _c192529
_d192529